00693nam a2200241 a 4500001001300000003000900013005001700022008004100039020001000080082001500090100002500105245002400130260003500154300000900189500003500198505001500233650003300248700002500281902000800306942000700314952011500321999001500436nice12345678IN_TiNIC20260116012124.0050524s0000 newa grp 000 0 eng  ac10000a268.6bEHR aEhrensperger, Herold aConscience on Stage aNew YorkbAbingdon Pressc0000 a238p aincludes index and biblioraphy2 aGlo. Index aDrama in Christian Education1 aEhrensperger, Herold bSRS cBK 001040708StackRoom-aHMIbHMId2007-07-13g100.00l0o268.6 EHRp08838r2007-07-13v100.00w2005-05-24yBK c5733d5733